Normal view MARC view
  • Registers of births, etc.

Entry Topical Term

Number of records used in: 1

001 - CONTROL NUMBER

  • control field: 9039

003 - CONTROL NUMBER IDENTIFIER

  • control field: OSt

005 - DATE AND TIME OF LATEST TRANSACTION

  • control field: 20170731162559.0

008 - FIXED-LENGTH DATA ELEMENTS

  • fixed length control field: 170731|| aca||aabn | a|a d

040 ## - CATALOGING SOURCE

  • Original cataloging agency: OSt
  • Transcribing agency: OSt

150 ## - HEADING--TOPICAL TERM

  • Topical term or geographic name entry element: Registers of births, etc.
  • General subdivision: Law and legislation
  • Geographic subdivision: Malaysia

670 ## - SOURCE DATA FOUND

  • Source citation: Work cat.: (OSt)0: Malaysia, jurisdiction governed. 400, AKTA PENDAFTARAN NEGARA 1959 (AKTA 78) dan PERATURAN-PERATURAN :, 2017.
Pusat Sumber Maklumat Dato' Haji Sarmin Md Hussin, Akademi Kastam Diraja Malaysia, Melaka
Tel: 06-2331106 | Faks: 06-2313787